[Event "Mallorca-ch Segona"]
[Site "Palma"]
[Date "2017.12.02"]
[Round "1.1"]
[White "Rossello Sanchez, Bartolome"]
[Black "Mejuto Rodrigo, Jose Ignacio"]
[Result "1/2-1/2"]
[WhiteElo "1618"]
[BlackElo "1843"]
[PlyCount "47"]
[EventDate "2017.12.02"]
[EventType "swiss"]
[EventRounds "6"]
[EventCountry "ESP"]
[SourceTitle "EXT 2024"]
[Source "ChessBase"]
[SourceDate "2023.10.10"]
[SourceVersion "1"]
[SourceVersionDate "2023.10.10"]
[SourceQuality "1"]

1. f4 b6 2. Nc3 Bb7 3. e3 e6 4. b3 Be7 5. Bb2 Bf6 6. Nf3 Ne7 7. Bd3 d5 8. Ne5 Nbc6 9. Ne2 Qd6 10. Bb5 0-0 11. d4 Qb4+ 12. Nc3 Nxe5 13. fxe5 Bg5 14. a3 Qxb5 15. Nxb5 a6 16. Nc3 Bxe3 17. Bc1 Bxc1 18. Rxc1 Rac8 19. Ne2 c5 20. c3 b5 21. 0-0 Nf5 22. Rf3 Rc7 23. Ng3 Nh4 24. Re3 1/2-1/2